Statistics for Taylor Swift - hoax Lyrics

Click here to take the quiz!

General Stats

  • This quiz has been taken 120 times
  • The average score is 202 of 242

Answer Stats

Answer% Correct
on
100%
only
100%
My
98%
my
98%
one
98%
You
98%
you
98%
a
96%
hoax
96%
I
96%
the
96%
in
94%
me
94%
your
94%
Your
94%
believe
92%
but
92%
But
92%
do
92%
of
92%
when
92%
love's
88%
No
88%
no
88%
so
88%
what
88%
as
86%
As
86%
From
84%
from
84%
was
84%
back
82%
blue
82%
did
82%
Don't
82%
faithless
82%
for?
82%
"Give
82%
gun
82%
kingdom
82%
know
82%
left
82%
New
82%
other
82%
part
82%
reason"
82%
shade
82%
they
82%
want
82%
what's
82%
York
82%
apart
80%
come
80%
it
80%
just
80%
knew
80%
pulled
80%
screaming
80%
world
80%
dark
78%
still
78%
would
78%
cliffside
76%
eclipsed
76%
hero
76%
keeping
76%
point
76%
scars
76%
score?
76%
smoking
76%
sun
76%
undone
76%
died
74%
movie
74%
sadness
74%
Stood
74%
This
74%
this
74%
broken
72%
door
72%
have
72%
heart
72%
hurts
72%
underneath
72%
down
70%
hard
70%
ash
68%
won
68%
am
66%
fire
66%
hand
66%
has
66%
password
66%
beaten
64%
let
64%
barren
62%
Darling
60%
land
60%
plan
60%
Ah
58%
ah
58%
night
58%
frozen
56%
ground
56%
sleepless
56%
twisted
56%
best
52%
drum
52%
fight
52%
knife
50%
laid
48%
winless
46%
sleight
44%

Score Distribution

Percentile by Number Answered

Percent of People with Each Score

Your Score History

You have not taken this quiz